'The Hound of Heaven' (Part III-I) Quiz Stats

 Plays Quiz not verified by Sporcle

Challenge
Share
Tweet
Embed
Score 0/277 Timer 20:00
0 Plays Today
% Correct
the
100%
the
100%
the
100%
the
100%
the
100%
the
100%
the
100%
the
100%
the
100%
the
100%
the
100%
the
100%
I
87.5%
I
87.5%
I
87.5%
I)
87.5%
a
87.5%
I
87.5%
*I*
87.5%
I
87.5%
and
87.5%
and
87.5%
I
87.5%
I
87.5%
I
87.5%
and
87.5%
I
87.5%
and
87.5%
I
87.5%
And
87.5%
I
87.5%
And
87.5%
In
75%
for
75%
for
75%
you
75%
you
75%
in
75%
in
75%
in
75%
In
75%
no
62.5%
more
62.5%
of
62.5%
surely
62.5%
to
62.5%
to
62.5%
of
62.5%
So
62.5%
of
62.5%
On
62.5%
of
62.5%
of
62.5%
Of
62.5%
of
62.5%
she
62.5%
of
62.5%
to
62.5%
on
62.5%
sought
50%
that
50%
after
50%
which
50%
face
50%
man
50%
or
50%
But
50%
little
50%
eyes
50%
that
50%
*They*
50%
at
50%
least
50%
are
50%
me,
50%
me!
50%
me
50%
them
50%
very
50%
But
50%
just
50%
as
50%
eyes
50%
With
50%
there,
50%
Their
50%
them
50%
from
50%
me
50%
by
50%
hair.
50%
'Come
50%
then,
50%
% Correct
ye
50%
other
50%
With
50%
me'
50%
(said
50%
'your
50%
Let
50%
me
50%
Let
50%
me
50%
with
50%
With
50%
our
50%
With
50%
her
50%
her
50%
wind-
50%
her
50%
as
50%
your
50%
way
50%
is,
50%
From
50%
out
50%
it
50%
their
50%
one—
50%
knew
50%
all
50%
face
50%
knew
50%
how
50%
clouds
50%
All
50%
or
50%
with;
50%
them
50%
or
50%
With
50%
them
50%
heavy
50%
with
50%
even,
50%
When
50%
lit
50%
her
50%
day's
50%
eyes.
50%
with
50%
all
50%
weather,
50%
Heaven
50%
its
50%
were
50%
with
50%
red
50%
its
50%
heart
50%
my
50%
But
50%
not
50%
by
50%
that,
50%
by
50%
that,
50%
my
50%
my
50%
were
50%
wet
50%
Heaven's
50%
grey
50%
cheek.
50%
strayed
37.5%
maid;
37.5%
still
37.5%
within
37.5%
children's
37.5%
Seems
37.5%
something,
37.5%
something
37.5%
replies,
37.5%
turned
37.5%
wistfully;
37.5%
young
37.5%
grew
37.5%
sudden
37.5%
fair
37.5%
dawning
37.5%
answers
37.5%
angel
37.5%
plucked
37.5%
children,
37.5%
Nature's—
37.5%
% Correct
share
37.5%
delicate
37.5%
fellowship;
37.5%
greet
37.5%
lip
37.5%
lip,
37.5%
twine
37.5%
caresses,
37.5%
Wantoning
37.5%
Lady-
37.5%
Mother's
37.5%
vagrant
37.5%
tresses,
37.5%
Banqueting
37.5%
walled
37.5%
palace,
37.5%
azured
37.5%
daïs,
37.5%
Quaffing,
37.5%
taintless
37.5%
chalice
37.5%
Lucent-
37.5%
weeping
37.5%
dayspring.'
37.5%
was
37.5%
done:
37.5%
delicate
37.5%
fellowship
37.5%
was
37.5%
Drew
37.5%
bolt
37.5%
Nature's
37.5%
secrecies.
37.5%
swift
37.5%
importings
37.5%
wilful
37.5%
skies;
37.5%
arise
37.5%
Spumèd
37.5%
wild
37.5%
sea-
37.5%
snortings;
37.5%
that's
37.5%
born
37.5%
dies
37.5%
Rose
37.5%
drooped
37.5%
made
37.5%
mine
37.5%
own
37.5%
wailful
37.5%
divine;
37.5%
was
37.5%
bereaven.
37.5%
was
37.5%
glimmering
37.5%
tapers
37.5%
Round
37.5%
dead
37.5%
sanctities.
37.5%
laughed
37.5%
morning's
37.5%
triumphed
37.5%
saddened
37.5%
wept
37.5%
together,
37.5%
sweet
37.5%
tears
37.5%
salt
37.5%
mortal
37.5%
mine;
37.5%
Against
37.5%
sunset-
37.5%
laid
37.5%
own
37.5%
beat,
37.5%
share
37.5%
commingling
37.5%
heat;
37.5%
was
37.5%
eased
37.5%
human
37.5%
smart.
37.5%
vain
37.5%
tears
37.5%
Underneath
25%
shapers
25%
moods,
25%
joyed
25%
throb
25%
theiy
12.5%

You're not logged in!

Compare scores with friends on all Sporcle quizzes.
Join for Free
OR
Log In

You Might Also Like...

Show Comments

Extras

Top Quizzes Today


Score Distribution

Your Account Isn't Verified!

In order to create a playlist on Sporcle, you need to verify the email address you used during registration. Go to your Sporcle Settings to finish the process.

Report this User

Report this user for behavior that violates our Community Guidelines.

Details: